Logo BPK

Biblioteka

Politechniki Koszalińskiej

Metrologiceskoe obespecenie piscevych proizvodstw / (Rekord nr 28447)

Szczegóły MARC
000 -ETYKIETA REKORDU
podpole kontrolne o stałej długości 00425nam a2200157 i 4500
001 - NUMER KONTROLNY REKORDU
pole kontrolne bg
040 ## - ŹRÓDŁO KATALOGOWANIA
Instytucja, która utworzyła rekord BPK
041 ## - KOD JĘZYKA
Kod języka tekstu pol
008 - POLE O STAŁEJ DŁUGOŚCI - DANE KONTROLNE
podpole kontrolne o stałej długości s pl f |000 0 pol
100 1# - NAZWA OSOBOWA
Nazwa osobowa KOZAKEVIC, A. M.
245 #0 - TYTUŁ/ODPOWIEDZIALNOŚĆ
Tytuł Metrologiceskoe obespecenie piscevych proizvodstw /
Pozostałe elementy strefy tytułu i oznaczenia odpowiedzialności A.M. Kozakevic, A.N. Norenko, H.M. Litvinenko.
260 ## - STREFA ADRESU WYDAWNICZEGO
Miejsce wydania Kiew,
Data publikacji, dystrybucji/powstania dokumentu 1984.
700 1# - HASŁO DODATKOWE - NAZWA OSOBOWA
Nazwa osobowa NORENKO, A. N.
700 1# - HASŁO DODATKOWE - NAZWA OSOBOWA
Nazwa osobowa LITVINENKO, H. M.
856 ## - LOKALIZACJA I DOSTĘP DO ELEKTRONICZNYCH DOKUMENTÓW ZDALNYCH
Link (URL) http://koha.tu.koszalin.pl/cgi-bin/koha/opac-detail.pl?biblionumber=28447
Tekst linku Katalog online BPK
942 ## - DODATKOWE ELEMENTY (KOHA)
Typ dokumentu Książka
Egzemplarze
Wycofany Status egzemplarza Uszkodzony Dostępność Lokalizacja stała Lokalizacja bieżąca Miejsce przechowywania Sygnatura Kod kreskowy Typ dokumentu
      Dostępny Biblioteka Politechniki Koszalińskiej Biblioteka Politechniki Koszalińskiej Wypożyczalnia BG 32975 01578744 Książka
© 2023 Biblioteka Politechniki Koszalińskiej :: KOHA